000 01127cam a2200253 4500
001 WB4010-01
008 040310n2004 000 0 eng u
035 _a(Sirsi) u125389
245 _aHousing design quality found wanting
260 _c2004
490 _aCABE Press Release
_v26 February 2004
520 _aIn it's first published assessment of the state of new architecture in England, The Commission for Architecture and the Built Environment has welcomed improvements in the quality of retail schemes and office developments but has found few examples of what it regards as high-quality housing. The report: "Design Reviewed" can be viewed at: http://www.cabe.org.uk/publications/ http://www.cabe.org.uk/news/press/showPRelease.asp ?id=609
590 _aWB
590 _aWB
650 _aARCHITECTURE
650 _aCABE
650 _aRETAIL SCHEMES
650 _aOFFICE DEVELOPMENT
650 _aCOMMISSION FOR ARCHITECTURE AND THE BUILT ENVIRONMENT
650 _aDESIGN
650 _aHOUSING DESIGN
690 _aBUILDING AND CONSTRUCTION-DESIGN AND STRUCTURES
942 _n0
999 _c117087
_d117087